000 00584pab a2200205 454500
008 180718b2009 xxu||||| |||| 00| 0 eng d
100 _aLee, Jack Yun-Jie
245 _aAssessing the impact of performance-based budgeting: a comparative analysis across the United States, Taiwan, and China
260 _c2009
300 _ap.S60-S66.
362 _aDec
650 _aBudget - China
650 _aBudget - Taiwan
650 _aBudget - United States
650 _aBudget
700 _aWang, Xiaohu
773 _aPublic Administration Review
908 _aN
909 _a84985
999 _c84985
_d84985